| 000 | 01045nam a2200277 a 4500 | ||
|---|---|---|---|
| 001 | 26060 | ||
| 003 | CO-ViMGA | ||
| 005 | 20230915232144.0 | ||
| 008 | 141112s2004 ck r 000 u spa d | ||
| 020 | _a8471124343 | ||
| 035 | _aAHB1348 LA | ||
| 040 |
_aCO-ViMGA _bspa _cCO-ViMGA |
||
| 041 | _aspa eng | ||
| 082 | 0 | 4 | _a362.4 D47 |
| 245 | 1 | 0 |
_aDiscapacidad y sociedad / _cLee Barton compilador ; traducción de Roc Filella. |
| 260 |
_aMadrid ; La coruña : _bMorata ; Edicones paideia, _c1998. |
||
| 300 | _a283 p. ; 24 cm. | ||
| 490 | _aColección Pedagogía ;. Educación crítica | ||
| 504 | _aIncluye bibliografía e índice. | ||
| 650 | 1 | 4 |
_aPersonas con discapacidades físicas. _940678 |
| 700 | 1 |
_aBarton, Lee, comp. _940679 |
|
| 942 |
_2ddc _cBK |
||
| 949 | _an n | ||
| 999 |
_c33287 _d33287 |
||